| 000 | 00531nam a22002057a 4500 | ||
|---|---|---|---|
| 003 | OSt | ||
| 005 | 20160923175159.0 | ||
| 008 | 160923b xxu||||| |||| 00| 0 eng d | ||
| 020 | _a0750624698 | ||
| 040 | _cDDC | ||
| 082 | _a530.1PAT 1996 | ||
| 100 |
_aPathria,R.K; _911111 |
||
| 245 | _aststiatical mechanics: | ||
| 250 | _a2nd ed. | ||
| 260 |
_aBoston; _bElservier ButterWorth, _c1996. |
||
| 300 |
_axiv,529p; _bill; _c24cm. |
||
| 504 | _aIncludes bibliography and index. | ||
| 650 |
_aMechanics. _9819 |
||
| 942 |
_2ddc _cO_SHELF |
||
| 999 |
_c5282 _d5282 |
||